How to Get Ideas/ (Record no. 153147)

MARC details
000 -LEADER
fixed length control field 00767nam a22002417a 4500
005 - DATE AND TIME OF LATEST TRANSACTION
control field 20181218124752.0
010 ## - LCCN (DPL NO)
LC control number B-192400 B-192406
020 ## - INTERNATIONAL STANDARD BOOK NUMBER
International Standard Book Number 0070606943
Terms of availability 0.00
035 ## - SYSTEM CONTROL NUMBER
System control number B-192400 B-192406
037 ## - SOURCE OF ACQUISITION
Source of stock number/acquisition BPPD / PUB
082 ## - DEWEY DECIMAL CLASSIFICATION NUMBER
Classification number 808.066659
100 ## - MAIN ENTRY--PERSONAL NAME
Personal name Foster, Jack
245 ## - TITLE STATEMENT
Title How to Get Ideas/
Statement of responsibility, etc by Jack Foster and [illustrated] by Larry Corby
260 ## - PUBLICATION, DISTRIBUTION, ETC. (IMPRINT)
Place of publication, distribution, etc New Delhi
Name of publisher, distributor, etc Tata McGraw-Hill
Date of publication, distribution, etc 1996
270 ## - ADDRESS
Address 7, West Patel Nagar
City Delhi
Postal code 110008
300 ## - PHYSICAL DESCRIPTION
Extent xiii, 208 p. ;
Dimensions 22 cm (Hb)
500 ## - GENERAL NOTE
General note includes index
650 ## - SUBJECT ADDED ENTRY--TOPICAL TERM
Topical term or geographic name as entry element Creative ability in business.
650 ## - SUBJECT ADDED ENTRY--TOPICAL TERM
Topical term or geographic name as entry element Creative thinking.
650 ## - SUBJECT ADDED ENTRY--TOPICAL TERM
Topical term or geographic name as entry element Organizational change.
942 ## - ADDED ENTRY ELEMENTS (KOHA)
Source of classification or shelving scheme Dewey Decimal Classification
Item type English Books
Classification part 808.066659
Call number suffix FOS
Holdings
Withdrawn status Lost status Not for loan Collection code Home library Current library Date acquired Source of acquisition Cost, normal purchase price Full call number Barcode Cost, replacement price Koha item type
      Non-fiction R.C.Libraries (zls) R.C.Libraries (zls) 16/11/2018   0.00 808.066659 FOS B-192406 0.00 English Books
      Non-fiction Sarojini Nagar Sarojini Nagar 04/02/2021     808.066659 FOS B-192390   English Books
      Non-fiction Shahdara Branch Shahdara Branch 27/06/2018 BPPD/PUB 0.00 808.066659 FOS B-192400 0.00 English Books

© Delhi Public Library
Hit Counter
free hit counter